000 00580nam a2200229Ia 4500
003 OSt
005 20221005130512.0
006 a|||||r|||| 00| 0
007 ta
008 221004b |||||||| |||| 00| 0 eng d
024 _a52642
037 _cTextual
040 _aCRL
_cCRL
_beng
041 _2eng
_aeng
082 _aQ7:21.9, 113F0
100 _aGoldziher Ignaz
245 0 _aRichtungen der Islamischen Koranauslegung
260 _c1920
650 _aRELIGION
942 _hQ7:21.9, 113F0
_cTEXL
_2cc
999 _c1057473
_d1057473